| 000 | 00569nam a2200217Ia 4500 | ||
|---|---|---|---|
| 003 | OSt | ||
| 005 | 20230411110041.0 | ||
| 008 | 210423s2007 xx 000 0 und d | ||
| 020 | _a8184481179 | ||
| 040 | _cAL | ||
| 041 | _aeng | ||
| 082 |
_a615.102 _223 _bYATS |
||
| 100 |
_aYATIRAJ (Singi). _978213 |
||
| 245 | _aPharmacology: solved question papers. | ||
| 250 | _a2 | ||
| 260 |
_aNew Delhi _bJaypee Brothers _c2007 |
||
| 300 |
_alxi,480 _bPB |
||
| 365 |
_b295 _cINR |
||
| 906 | _apapers. ; Pharmacology ; Pharmacology: ; question ; solved | ||
| 942 |
_2ddc _cBK |
||
| 999 |
_c154120 _d154120 |
||